Music Quiz

Random Music or Lyrics Quiz

Jesus Freak Lyrics Quiz Stats

 Plays Quiz not verified by Sporcle

Score 0/280 Timer 08:00
0 Plays Today
% Correct
I
100%
I
100%
I
100%
I
100%
I
100%
I
100%
a
98.6%
that
98.6%
a
98.6%
a
98.6%
that
98.6%
a
98.6%
a
98.6%
a
98.6%
a
98.6%
a
98.6%
a
98.6%
that
98.6%
a
98.6%
that
98.6%
a
98.6%
a
98.6%
a
98.6%
that
98.6%
that
98.6%
a
98.6%
that
98.6%
a
98.6%
the
97.3%
the
97.3%
the
97.3%
the
97.3%
the
97.3%
the
97.3%
The
97.3%
the
97.3%
the
97.3%
The
97.3%
The
97.3%
the
97.3%
the
97.3%
the
97.3%
the
97.3%
the
97.3%
the
97.3%
Jesus
95.9%
people
95.9%
I'm
95.9%
Jesus
95.9%
people
95.9%
Jesus
95.9%
people
95.9%
Jesus
95.9%
People
95.9%
I'm
95.9%
what
94.5%
what
94.5%
What
94.5%
freak?
94.5%
What
94.5%
do
94.5%
freak.
94.5%
freak.
94.5%
It
93.2%
It
93.2%
it
93.2%
it
93.2%
they
93.2%
they
93.2%
they
93.2%
they
93.2%
they
93.2%
they
93.2%
they
93.2%
it
93.2%
in
91.8%
of
91.8%
of
91.8%
me
91.8%
me
91.8%
of
91.8%
my
91.8%
in
91.8%
in
91.8%
of
91.8%
will
91.8%
think
91.8%
when
91.8%
will
91.8%
when
91.8%
if
91.8%
me
91.8%
my
91.8%
my
91.8%
% Correct
me
91.8%
in
91.8%
in
91.8%
when
91.8%
of
91.8%
me
91.8%
my
91.8%
in
91.8%
He
90.4%
he
90.4%
he
90.4%
find
90.4%
don't
90.4%
care
90.4%
don't
90.4%
he
90.4%
he
90.4%
he
90.4%
he
90.4%
label
89%
There
89%
truth.
89%
truth.
89%
There
89%
there
89%
is
87.7%
hear
87.7%
it's
87.7%
true?
87.7%
no
87.7%
No,
87.7%
is
87.7%
is
87.7%
really
86.3%
ain't
86.3%
ain't
86.3%
on
84.9%
to
84.9%
to
84.9%
on
84.9%
on
84.9%
on
84.9%
dream.
83.6%
and
82.2%
and
82.2%
and
82.2%
and
82.2%
and
82.2%
from
80.8%
man
80.8%
had
80.8%
had
80.8%
for
80.8%
was
80.8%
man
80.8%
from
80.8%
was
80.8%
too
80.8%
was
80.8%
by
79.5%
said
79.5%
by
79.5%
by
79.5%
with
78.1%
his
78.1%
belly.
78.1%
his
78.1%
belly
78.1%
with
78.1%
with
78.1%
his
78.1%
his
78.1%
With
78.1%
his
78.1%
his
78.1%
fat
76.7%
took
76.7%
head.
76.7%
head.
76.7%
took
76.7%
head
76.7%
back
75.3%
tat
75.3%
like
75.3%
jelly.
75.3%
saves
75.3%
back
75.3%
myself
74%
clean
74%
big
74%
while
74%
'cause
74%
match
74%
cause
74%
% Correct
see
73.9%
around
72.6%
typical
72.6%
disguising
72.6%
cut
71.2%
marmalade
71.2%
middle
71.2%
as
71.2%
say
71.2%
Separated
69.9%
darkest
69.9%
dreams.
69.9%
saw
69.9%
catch
69.9%
rhythm
69.9%
tattoo
69.9%
stood
69.9%
hiding
69.9%
past
68.5%
comes
68.5%
claimed
68.5%
make
68.5%
Been
67.1%
wiggled
67.1%
been
67.1%
see
67.1%
green.
65.8%
city
65.8%
spiritual
64.4%
I've
64.4%
into
64.4%
death
64.4%
I've
64.4%
box
63%
die
63%
force
61.6%
live
61.6%
raved
60.3%
Maker
58.9%
display.
58.9%
power
58.9%
this
58.9%
all
57.5%
desert
57.5%
much
57.5%
left
57.5%
strange
57.5%
strange,
57.5%
friend
57.5%
marked
56.2%
seek.
56.2%
wasn't
56.2%
upper
56.2%
room.
56.2%
gain.
54.8%
peculiar
54.8%
high
54.8%
words
54.8%
made
54.8%
ate.
54.8%
best
54.8%
born
54.8%
manger?
54.8%
also
53.4%
bed.
53.4%
does
53.4%
lofty,
52.1%
weak
52.1%
walked
52.1%
assume
52.1%
heard
52.1%
king
52.1%
stranger
52.1%
grace
50.7%
spoke
50.7%
hair
50.7%
Kamikaze
49.3%
locusts
49.3%
him
49.3%
speak,
49.3%
face,
47.9%
apprehended
46.6%
thought
46.6%
divorced.
45.2%
Pharisees
43.8%
tripped
42.5%
until
41.1%
replaced
38.4%
sand
38.4%
skins
32.9%
naps
30.1%
You
17.4%

You're not logged in!

Compare scores with friends on all Sporcle quizzes.
OR
Log In

Sporcle TV

Today on Sporcle TV


Watch our educational content, quiz creation guides, and fun videos on Sporcle TV.

Show Comments

Extras

Top Quizzes Today


Score Distribution

Your Account Isn't Verified!

In order to create a playlist on Sporcle, you need to verify the email address you used during registration. Go to your Sporcle Settings to finish the process.

Report this User

Report this user for behavior that violates our Community Guidelines.

Details: